000 00969 a2200193 4500
001 59331
005 20260407155847.0
008 260407a1967 arg spa d
003 AR-UNSa-BCEJYS
040 _aAR-UNSa-BCEJYS
_bspa
_cAR-UNSa-BCEJYS
080 _a338.2(8)
_xPolítica económica. Control de la economía. gestión de la economía. planificación económica en América Latina
245 1 0 _aProyecto de ley uniforme de títulos -valores para América Latina
264 1 _aBuenos Aires :
_bBID/INTAL (Banco Interamericano de Desarrollo. Instituto para la integración de América Latina)
_c1967
300 _a465 p.
_c23 cm.
505 _a1. Proyecto de ley uniforme de títulos-valores para América Latina – 2. Documentos de trabajo considerados en la reunión de especialistas -
942 _cBK
590 _aniveau_biblio:m niveau_hierar:0
100 1 _aBanco Interamericano de Desarrollo. Instituto para la Integración de América Latina (BID-INTAL)
999 _c6651
_d6651